Verbs and tenses : vital word group made easy

Bibliographic Details
Format: Book
Published: Subang Jaya : Pelanduk Publications (M) Sdn Bhd. , 2002
Subjects:

MARC

LEADER 00000cam a2200000 7i4500
001 0000123729
005 20081105.0
020 |a 9679788393 
090 0 0 |a 428.2   |b VER 
245 0 0 |a Verbs and tenses :   |b vital word group made easy 
260 |a Subang Jaya :   |b Pelanduk Publications (M) Sdn Bhd. ,   |c 2002 
300 |a 60p. ;   |c 21cm. 
650 0 0 |a English language   |x Grammar 
650 0 0 |a English language   |x Tense 
650 0 0 |a English language   |x Verbs 
999 |a 00217910   |b BUKU   |c PINJAMAN   |e PERPUSTAKAAN KOMUNITI PETALING JAYA